[Event "XXXIV Memorial Edoardo Crespi A"]
[Site "Milano ITA"]
[Date "2013.12.05"]
[Round "2"]
[White "Dogic, Mirhad"]
[Black "D'Agostino, Maurizio"]
[WhiteElo "1801"]
[BlackElo "2024"]
[Result "0-1"]
[PlyCount "128"]
[EventDate "2013.12.04"]

1. d4 Nf6 2. f4 d6 3. e3 g6 4. Nf3 Bg7 5. Be2 O-O 6. O-O Nbd7 7. c3 b6 8. Nbd2
Bb7 9. Ng5 h6 10. Nh3 e5 11. Bf3 e4 12. Be2 Qe7 13. Nf2 d5 14. a4 c5 15. b3
Rfc8 16. Ba3 Qe6 17. Bb2 Ne8 18. Ng4 Nd6 19. Re1 h5 20. Nf2 Nf5 21. Nf1 Bf8 22.
Nh3 cxd4 23. exd4 Bh6 24. Qd2 a5 25. Ne3 Nf6 26. Nxf5 Qxf5 27. Qe3 Ng4 28. Qg3
Re8 29. Bb5 Red8 30. Rf1 Rac8 31. Rae1 Bf8 32. Nf2 Nh6 33. h3 Bd6 34. Nd1 Qe6
35. Ne3 Nf5 36. Nxf5 Qxf5 37. Qe3 Be7 38. Re2 Bh4 39. g3 Bf6 40. Rh2 Kg7 41.
Be2 Qd7 42. g4 hxg4 43. Bxg4 Qe7 44. Bxc8 Bxc8 45. Re1 Bf5 46. c4 dxc4 47. bxc4
Qb4 48. Rc1 Qxa4 49. h4 Rh8 50. Qg3 Rh5 51. Qf2 Qb4 52. Qe3 Rxh4 53. Rxh4 Bxh4
54. d5+ Qxb2 55. Qc3+ Qxc3 56. Rxc3 Be7 57. Kg2 Bc5 58. Kg3 Kf6 59. Rc1 a4 60.
Kg2 a3 61. Kg3 e3 62. Kf3 a2 63. d6 Bxd6 64. Kxe3 Bb1 0-1

[Event "XXXIV Memorial Edoardo Crespi A"]
[Site "Milano ITA"]
[Date "2013.12.05"]
[Round "2"]
[White "Laurino, Alberto"]
[Black "Saffioti, Cristian"]
[WhiteElo "1787"]
[BlackElo "1887"]
[Result "1-0"]
[PlyCount "75"]
[EventDate "2013.12.04"]

1. e4 d6 2. d4 Nf6 3. Nc3 e5 4. dxe5 dxe5 5. Qxd8+ Kxd8 6. Bg5 Be6 7. Nf3 Nbd7
8. a3 c6 9. Rd1 Kc7 10. Be2 Ne8 11. O-O h6 12. Be3 g5 13. h3 Nd6 14. Nd2 Be7
15. f3 h5 16. Bf2 Nf8 17. Bd3 Ng6 18. Ne2 Rag8 19. Bg3 Nf4 20. Kf2 Nxd3+ 21.
cxd3 Nb5 22. Ke1 Rd8 23. Nb1 Bb3 24. Rd2 Nd4 25. Nxd4 Rxd4 26. Ke2 Be6 27. Nc3
Rhd8 28. Rfd1 Kc8 29. Bf2 R4d7 30. Bxa7 g4 31. hxg4 hxg4 32. Bb6 Rg8 33. Rc1
gxf3+ 34. gxf3 Bf8 35. Rf1 c5 36. Rc2 Bb3 37. Rcc1 Bh6 38. Rg1 1-0

[Event "XXXIV Memorial Edoardo Crespi A"]
[Site "Milano ITA"]
[Date "2013.12.05"]
[Round "2"]
[White "Montilli, Vincenzo"]
[Black "Podetti, Davide"]
[WhiteElo "2039"]
[BlackElo "1802"]
[Result "1-0"]
[PlyCount "79"]
[EventDate "2013.12.04"]

1. d4 Nf6 2. c4 e6 3. Nc3 Bb4 4. Qc2 Nc6 5. Nf3 d6 6. Bd2 e5 7. dxe5 dxe5 8.
O-O-O Bxc3 9. Bxc3 Qe7 10. e3 Bd7 11. h3 O-O-O 12. Be2 Rhe8 13. a3 g6 14. g4 h5
15. g5 Nh7 16. h4 Bf5 17. Qa4 Nf8 18. b4 Nd7 19. Rhe1 Bg4 20. c5 Qe6 21. Qc2
Kb8 22. b5 Ne7 23. Bb4 Nd5 24. Kb2 Bxf3 25. Bxf3 e4 26. Be2 c6 27. Qb3 Ne5 28.
Rd4 Nxb4 29. axb4 Qxb3+ 30. Kxb3 Rxd4 31. exd4 Nd7 32. bxc6 bxc6 33. Bc4 Re7
34. b5 Kc7 35. Ra1 cxb5 36. Bxb5 Kb8 37. Bxd7 Rxd7 38. Kc4 Rc7 39. d5 Rd7 40.
d6 1-0

[Event "XXXIV Memorial Edoardo Crespi A"]
[Site "Milano ITA"]
[Date "2013.12.05"]
[Round "2"]
[White "Moreschi, Mauro"]
[Black "Piantoni, Pierino"]
[WhiteElo "1811"]
[BlackElo "1898"]
[Result "1-0"]
[PlyCount "67"]
[EventDate "2013.12.04"]

1. e4 Nc6 2. Nc3 e6 3. b3 d5 4. Bb2 d4 5. Nce2 e5 6. Ng3 Qd6 7. Bb5 Bd7 8. Nf3
a6 9. Bxc6 Bxc6 10. a4 Ne7 11. d3 g6 12. Nd2 Qe6 13. O-O Bg7 14. f4 exf4 15.
Ne2 Qd7 16. Nf3 b6 17. Bxd4 Bxd4+ 18. Nfxd4 Bb7 19. Rxf4 c5 20. Nf3 Nc6 21. Qd2
O-O-O 22. Qc3 Kb8 23. Ne5 Qe7 24. Nxc6+ Bxc6 25. Qf6 Qxf6 26. Rxf6 Kc7 27.
Rxf7+ Rd7 28. Raf1 Rhd8 29. R1f6 c4 30. Nd4 cxd3 31. cxd3 Rxf7 32. Rxf7+ Rd7
33. Rxd7+ Bxd7 34. Kf2 1-0

[Event "XXXIV Memorial Edoardo Crespi A"]
[Site "Milano ITA"]
[Date "2013.12.05"]
[Round "2"]
[White "Mouflih, Caesar Faycal"]
[Black "Monticone, Sonia"]
[WhiteElo "2026"]
[BlackElo "1830"]
[Result "1-0"]
[PlyCount "61"]
[EventDate "2013.12.04"]

1. e4 c5 2. Nf3 e6 3. c4 Nc6 4. Nc3 a6 5. d4 cxd4 6. Nxd4 Qc7 7. Nc2 Nf6 8. Be3
h5 9. Be2 Bd6 10. h3 Bf4 11. Qd2 Bxe3 12. Nxe3 b6 13. O-O Bb7 14. f4 h4 15. e5
Nh5 16. Bxh5 Rxh5 17. Ne4 Ke7 18. Nd5+ exd5 19. cxd5 Kf8 20. Rac1 Rd8 21. Nd6
Ba8 22. dxc6 dxc6 23. Qe2 Rh6 24. Nf5 Re6 25. Qh5 Kg8 26. Qxh4 c5 27. Rfd1 Rde8
28. Rd6 Qb7 29. Qg5 f6 30. exf6 Re2 31. Nh4 1-0

[Event "XXXIV Memorial Edoardo Crespi A"]
[Site "Milano ITA"]
[Date "2013.12.05"]
[Round "2"]
[White "Pedemonte, Claudio"]
[Black "Darvishi, Mahmood"]
[WhiteElo "1846"]
[BlackElo "2035"]
[Result "0-1"]
[PlyCount "80"]
[EventDate "2013.12.04"]

1. c4 e6 2. d4 Nf6 3. Nf3 b6 4. Nc3 Ba6 5. e4 Bb4 6. Bd3 O-O 7. O-O d5 8. cxd5
Bxd3 9. Qxd3 Bxc3 10. bxc3 exd5 11. exd5 Qxd5 12. Re1 Nbd7 13. Bf4 Nc5 14. Qc2
Ne6 15. Re5 Qc4 16. Bg3 Nd5 17. Rc1 c6 18. Qe4 Rfe8 19. Ng5 Nf6 20. Qh4 Nxg5
21. Qxg5 Qxa2 22. Rce1 Rxe5 23. Bxe5 Qe6 24. h3 h6 25. Qd2 Re8 26. Re3 Qf5 27.
Rf3 Ne4 28. Qa2 Qd7 29. Re3 Ng5 30. h4 Ne6 31. Rg3 Qe7 32. Rg4 f6 33. Bg3 Kh8
34. Re4 b5 35. Qe2 Nf4 36. Bxf4 Qxe4 37. Qh5 Kh7 38. g3 Qg6 39. Qf3 Re1+ 40.
Kh2 Qe4 0-1

[Event "XXXIV Memorial Edoardo Crespi A"]
[Site "Milano ITA"]
[Date "2013.12.05"]
[Round "2"]
[White "Pedroni, Marco"]
[Black "Miracola, Giorgia"]
[WhiteElo "1923"]
[BlackElo "1866"]
[Result "0-1"]
[PlyCount "86"]
[EventDate "2013.12.04"]

1. e4 c5 2. Nf3 e6 3. d4 cxd4 4. Nxd4 Nf6 5. Nc3 d6 6. Bd3 Be7 7. O-O O-O 8.
Be3 a6 9. a4 b6 10. f4 Qc7 11. g4 Nc6 12. g5 Nxd4 13. Bxd4 Nd7 14. Qh5 e5 15.
Nd5 Qd8 16. Be3 exf4 17. Nxe7+ Qxe7 18. Rxf4 Ne5 19. Raf1 Ng6 20. Bxb6 Nxf4 21.
Rxf4 g6 22. Qh4 h5 23. Qg3 Bd7 24. Bd4 Bxa4 25. Bf6 Qa7+ 26. Kg2 Bc6 27. Qe1
Rac8 28. c4 Kh7 29. Qc3 Qe3 30. Rf1 Bxe4+ 31. Bxe4 Qxe4+ 32. Rf3 Rxc4 33. Qd3
Rc2+ 34. Kf1 Rc1+ 35. Kg2 Qe1 36. Qe3 Qh1+ 37. Kh3 Rc2 38. Rf2 Rxf2 39. Qxf2
Qe4 40. Qg3 Rb8 41. Bc3 Rb5 42. Qh4 Qf5+ 43. Kg3 Qxg5+ 0-1

[Event "XXXIV Memorial Edoardo Crespi A"]
[Site "Milano ITA"]
[Date "2013.12.05"]
[Round "2"]
[White "Prevedello, Daniele"]
[Black "Saffioti, Massimo"]
[WhiteElo "1769"]
[BlackElo "1923"]
[Result "1-0"]
[PlyCount "97"]
[EventDate "2013.12.04"]

1. d4 Nf6 2. c4 c5 3. Nf3 e6 4. Nc3 cxd4 5. Nxd4 Nc6 6. e4 d6 7. Be2 Be7 8. O-O
O-O 9. Be3 a6 10. Qd2 Qc7 11. f3 Nd7 12. Rfd1 Rd8 13. f4 Nb6 14. Rac1 Bd7 15.
b3 Bf6 16. Bf3 Nc8 17. Qf2 Nxd4 18. Bxd4 Bxd4 19. Rxd4 Bc6 20. Rcd1 Ne7 21. Qd2
Nc8 22. Kf1 b5 23. c5 Qb7 24. cxd6 Nb6 25. Kf2 a5 26. Qd3 Nd7 27. e5 Nc5 28.
Qe2 b4 29. Bxc6 Qxc6 30. Ne4 Rac8 31. Rc4 Nxe4+ 32. Qxe4 Qb6+ 33. Kf3 Rxc4 34.
Qxc4 Qb7+ 35. Qe4 Qc8 36. Rd4 Qc3+ 37. Qd3 Qc6+ 38. Kg3 Qc1 39. Rc4 Qe1+ 40.
Kf3 Qh4 41. h3 f6 42. Rc5 fxe5 43. Rxe5 Rf8 44. Qc4 g5 45. Qxe6+ Kh8 46. Rf5
Qh5+ 47. Kf2 Re8 48. Qf6+ Kg8 49. Rxg5+ 1-0

[Event "XXXIV Memorial Edoardo Crespi A"]
[Site "Milano ITA"]
[Date "2013.12.05"]
[Round "2"]
[White "Ranfagni, Stefano"]
[Black "Oteri, Aldo"]
[WhiteElo "2015"]
[BlackElo "1776"]
[Result "1/2-1/2"]
[PlyCount "96"]
[EventDate "2013.12.04"]

1. c4 e5 2. Nc3 Nc6 3. g3 g6 4. Bg2 Bg7 5. d3 d6 6. e4 Nd4 7. Nge2 Bg4 8. h3
Bf3 9. O-O Nxe2+ 10. Nxe2 Bxg2 11. Kxg2 f5 12. Nc3 Nf6 13. exf5 gxf5 14. f4 Qd7
15. Qf3 O-O-O 16. fxe5 dxe5 17. Qxf5 Qxf5 18. Rxf5 Rxd3 19. Rxe5 Nd7 20. Re3
Rxe3 21. Bxe3 Bxc3 22. bxc3 b6 23. Bd4 Rg8 24. Re1 c5 25. Bf2 Rg7 26. g4 Kb7
27. Bg3 Ka6 28. Kf3 Ka5 29. Re2 b5 30. Rb2 b4 31. cxb4+ cxb4 32. Be1 Ne5+ 33.
Ke4 Nxc4 34. Bxb4+ Ka4 35. Rb3 Rb7 36. Be1 Rxb3 37. axb3+ Kxb3 38. Kf5 a5 39.
Bxa5 Nxa5 40. Kf6 Kc4 41. Kg7 Kd5 42. Kxh7 Ke6 43. g5 Nc6 44. g6 Ne7 45. h4 Kf6
46. g7 Kf7 47. h5 Ng8 48. Kh8 Nh6 1/2-1/2

[Event "XXXIV Memorial Edoardo Crespi A"]
[Site "Milano ITA"]
[Date "2013.12.05"]
[Round "2"]
[White "Rossi, Giampiero"]
[Black "Murli, Almerico"]
[WhiteElo "1900"]
[BlackElo "1817"]
[Result "1-0"]
[PlyCount "57"]
[EventDate "2013.12.04"]

1. d4 g6 2. c4 Bg7 3. Nc3 Nf6 4. g3 O-O 5. Bg2 d6 6. Nf3 Nbd7 7. O-O e5 8. Qc2
Re8 9. Rd1 c6 10. b3 e4 11. Ne1 d5 12. cxd5 cxd5 13. Nb5 Re6 14. Qc7 Re8 15.
Ba3 a6 16. Qxd8 Rxd8 17. Be7 Re8 18. Nc7 Rxe7 19. Nxa8 Nb8 20. e3 Nc6 21. Nb6
Be6 22. Rdc1 h5 23. Bf1 Ne8 24. Nc2 Nd6 25. Rab1 Re8 26. a3 Bf8 27. b4 Nc4 28.
Bxc4 dxc4 29. d5 1-0

[Event "XXXIV Memorial Edoardo Crespi A"]
[Site "Milano ITA"]
[Date "2013.12.05"]
[Round "2"]
[White "Spirliadis, Achileas"]
[Black "Paganini, Andrea"]
[WhiteElo "2053"]
[BlackElo "1878"]
[Result "1-0"]
[PlyCount "67"]
[EventDate "2013.12.04"]

1. e4 e5 2. Nc3 Nf6 3. Bc4 Nxe4 4. Qh5 Nd6 5. Bb3 c6 6. Ne4 Qe7 7. Nxd6+ Qxd6
8. Qxf7+ Kd8 9. Nf3 Qf6 10. Qh5 d5 11. d4 h6 12. dxe5 Qf5 13. Qxf5 Bxf5 14. c4
dxc4 15. Bxc4 Nd7 16. O-O g5 17. h3 Kc7 18. Be3 Re8 19. Rad1 Rh7 20. Rfe1 Be6
21. Bxe6 Rxe6 22. Nd4 Rxe5 23. f4 Re8 24. fxg5 hxg5 25. Bf4+ Kd8 26. Bxg5+ Be7
27. Rxe7 Rexe7 28. Nf5 Ke8 29. Bxe7 Rxe7 30. Nxe7 Kxe7 31. Rxd7+ Kxd7 32. Kf2
a5 33. Ke3 Kd6 34. h4 1-0

[Event "XXXIV Memorial Edoardo Crespi A"]
[Site "Milano ITA"]
[Date "2013.12.05"]
[Round "2"]
[White "Tagliaferri, Valerio"]
[Black "Ciciotti, Augusto"]
[WhiteElo "1874"]
[BlackElo "1934"]
[Result "1-0"]
[PlyCount "55"]
[EventDate "2013.12.04"]

1. d4 Nf6 2. c4 g6 3. Nc3 Bg7 4. Bg5 O-O 5. e3 d6 6. Nf3 Nbd7 7. Qc2 c6 8. Bd3
e5 9. O-O Qc7 10. b4 Re8 11. a4 a6 12. b5 d5 13. Nxe5 Nxe5 14. dxe5 dxc4 15.
Bxf6 cxd3 16. Qxd3 Bxf6 17. exf6 Qe5 18. bxc6 bxc6 19. Rfd1 Qxf6 20. Ne4 Qf5
21. f3 Be6 22. Qc3 Red8 23. Nf6+ Kg7 24. Ng4+ f6 25. Qxc6 Rdc8 26. Qb7+ Kh8 27.
Qe7 Rf8 28. e4 1-0

[Event "XXXIV Memorial Edoardo Crespi A"]
[Site "Milano ITA"]
[Date "2013.12.05"]
[Round "2"]
[White "Ventura, Salvatore"]
[Black "Pecorario, Stefano"]
[WhiteElo "2024"]
[BlackElo "1800"]
[Result "1-0"]
[PlyCount "75"]
[EventDate "2013.12.04"]

1. e4 e5 2. Nf3 Nc6 3. Bb5 a6 4. Ba4 d6 5. O-O Nf6 6. Re1 Be7 7. c3 b5 8. Bc2
O-O 9. h3 Re8 10. d4 Bf8 11. Nbd2 Bb7 12. d5 Ne7 13. b3 c6 14. c4 Qc7 15. Nf1
Rac8 16. Bd3 cxd5 17. cxd5 Nexd5 18. exd5 e4 19. Bxb5 axb5 20. Nd4 Qc5 21. Bb2
Nxd5 22. Nf5 Nc3 23. Qg4 Re6 24. Rac1 b4 25. a3 Rg6 26. Qf4 Rf6 27. N1g3 Qb5
28. axb4 Qxb4 29. Qd2 Na2 30. Qxb4 Nxb4 31. Rxc8 Bxc8 32. Bxf6 gxf6 33. Rxe4 d5
34. Re8 Be6 35. Ne7+ Kg7 36. Ngf5+ Bxf5 37. Nxf5+ Kg6 38. g4 1-0

[Event "XXXIV Memorial Edoardo Crespi A"]
[Site "Milano ITA"]
[Date "2013.12.05"]
[Round "2"]
[White "Villalba, Fernando"]
[Black "Marincolo, Piercarlo"]
[WhiteElo "1835"]
[BlackElo "1905"]
[Result "1/2-1/2"]
[PlyCount "58"]
[EventDate "2013.12.04"]

1. d4 Nf6 2. Nf3 e6 3. Bf4 d5 4. e3 Nbd7 5. c3 Ne4 6. Be2 Be7 7. h3 g5 8. Bh2
h5 9. Nbd2 f5 10. Nxe4 dxe4 11. Ne5 Nf6 12. Ng6 Rh7 13. Be5 h4 14. f4 exf3 15.
Bxf3 c6 16. Qb3 Nd5 17. Bxd5 exd5 18. Nxe7 Qxe7 19. O-O-O a5 20. Qc2 b5 21.
Rhf1 Rf7 22. Rf2 Be6 23. Rdf1 Qd7 24. a3 Ke7 25. g3 hxg3 26. Bxg3 Rh8 27. Rh1
Kd8 28. Be5 Rh5 29. Qe2 g4 1/2-1/2

[Event "XXXIV Memorial Edoardo Crespi A"]
[Site "Milano ITA"]
[Date "2013.12.05"]
[Round "2"]
[White "Virzi, Ettore"]
[Black "Brambilla, Luca Massimo"]
[WhiteElo "1973"]
[BlackElo "1704"]
[Result "1-0"]
[PlyCount "87"]
[EventDate "2013.12.04"]

1. e4 e6 2. d4 d5 3. Nd2 Nc6 4. c3 Nf6 5. e5 Nd7 6. Bd3 Be7 7. Ne2 b6 8. O-O
Bg5 9. f4 Bh6 10. Nf3 Ne7 11. g4 g6 12. Ng3 c5 13. Qe2 Nc6 14. g5 Bf8 15. f5
gxf5 16. Bxf5 cxd4 17. cxd4 Nb4 18. Bd3 Nxd3 19. Qxd3 Qc7 20. Bd2 Qc4 21. Qe3
Bb4 22. Qf4 O-O 23. Nh5 Bxd2 24. Nxd2 Qd3 25. Rf3 Qg6 26. Qh4 Ba6 27. Nf6+ Nxf6
28. Rxf6 Qd3 29. Nf1 Rac8 30. Re1 Kh8 31. Re3 Qb1 32. Qh6 Bxf1 33. Rxf1 Qg6 34.
Qh4 Rc2 35. Ref3 Rxb2 36. Rf6 Qg7 37. Qf4 Kg8 38. h4 Rc2 39. h5 Rc7 40. h6 Qh8
41. Rxe6 Rfc8 42. Rc6 Kf8 43. e6 Qg8 44. Qd6+ 1-0

[Event "XXXIV Memorial Edoardo Crespi A"]
[Site "Milano ITA"]
[Date "2013.12.06"]
[Round "3"]
[White "Baltzopoulos, Giorgos"]
[Black "Montilli, Vincenzo"]
[WhiteElo "1975"]
[BlackElo "2039"]
[Result "1/2-1/2"]
[PlyCount "80"]
[EventDate "2013.12.04"]

1. e4 c5 2. Nf3 d6 3. d4 cxd4 4. Nxd4 Nf6 5. Nc3 a6 6. Bg5 e6 7. f4 Be7 8. Qf3
h6 9. Bh4 Nbd7 10. Be2 Qc7 11. O-O-O g5 12. fxg5 Ne5 13. Qg3 Rg8 14. Nf3 Nxf3
15. Qxf3 hxg5 16. Bg3 e5 17. Rhf1 Be6 18. Kb1 b5 19. Bf2 Qa5 20. Be3 g4 21. Qf2
Rb8 22. Bd3 b4 23. Nd5 Nxd5 24. exd5 Bxd5 25. b3 Rh8 26. Bf5 Bf8 27. Ba7 Rb7
28. Bc8 Re7 29. Bb6 Qb5 30. Bxg4 Qc6 31. Rd2 Be6 32. Bxe6 fxe6 33. Be3 Rd7 34.
Qf6 Bg7 35. Qxe6+ Kd8 36. Rf7 Kc7 37. Rxd7+ Qxd7 38. Qc4+ Qc6 39. Qf7+ Qd7 40.
Qc4+ Qc6 1/2-1/2

[Event "XXXIV Memorial Edoardo Crespi A"]
[Site "Milano ITA"]
[Date "2013.12.06"]
[Round "3"]
[White "Barberi, Alessandro"]
[Black "Tagliaferri, Valerio"]
[WhiteElo "2041"]
[BlackElo "1874"]
[Result "1-0"]
[PlyCount "71"]
[EventDate "2013.12.04"]

1. d4 d5 2. Nf3 e6 3. e3 c5 4. b3 Nc6 5. Bb2 Nf6 6. Nbd2 Bd7 7. a3 Bd6 8. Bd3
Rc8 9. O-O O-O 10. Ne5 a6 11. c4 dxc4 12. Ndxc4 Be7 13. dxc5 Bxc5 14. Nxd7 Nxd7
15. Qh5 f5 16. Rfd1 b5 17. Nd2 Nf6 18. Qe2 Qe7 19. b4 Bd6 20. g3 Be5 21. Nb3
Nd7 22. Rac1 Rfd8 23. f4 Bf6 24. e4 g6 25. e5 Bg7 26. Qg2 Ncb8 27. Qb7 Qe8 28.
Bb1 Bf8 29. Ba2 Kh8 30. Nd4 Rxc1 31. Rxc1 Qe7 32. Nxe6 Re8 33. Nxf8 Nxf8 34.
Rc7 Nbd7 35. e6+ Kg8 36. exd7+ 1-0

[Event "XXXIV Memorial Edoardo Crespi A"]
[Site "Milano ITA"]
[Date "2013.12.06"]
[Round "3"]
[White "Bonassi, Tommaso"]
[Black "Ranfagni, Stefano"]
[WhiteElo "1970"]
[BlackElo "2015"]
[Result "1/2-1/2"]
[PlyCount "58"]
[EventDate "2013.12.04"]

1. e4 e6 2. d4 d5 3. Nc3 dxe4 4. Nxe4 Nd7 5. Bd3 Ngf6 6. Ne2 Nxe4 7. Bxe4 Nf6
8. Bf3 c5 9. O-O cxd4 10. Qxd4 Qxd4 11. Nxd4 a6 12. Rd1 e5 13. Nc6 Nd7 14. Na5
Rb8 15. c3 Be7 16. Be3 Bd8 17. Nc4 Bc7 18. Nd6+ Bxd6 19. Rxd6 O-O 20. Ba7 Ra8
21. Rxa6 Nf6 22. Ra5 e4 23. Be2 Be6 24. Bb6 Rxa5 25. Bxa5 Ra8 26. b4 Nd5 27. c4
Nf4 28. Bf1 Nd3 29. c5 Nxc5 1/2-1/2

[Event "XXXIV Memorial Edoardo Crespi A"]
[Site "Milano ITA"]
[Date "2013.12.06"]
[Round "3"]
[White "Brambilla, Luca Massimo"]
[Black "Blasco, Domenico"]
[WhiteElo "1704"]
[BlackElo "1886"]
[Result "1/2-1/2"]
[PlyCount "105"]
[EventDate "2013.12.04"]

1. d4 Nf6 2. c4 e5 3. dxe5 Ne4 4. a3 b6 5. Nf3 Bb7 6. Nbd2 Nc5 7. g3 d6 8. exd6
Bxd6 9. Bg2 O-O 10. O-O Nbd7 11. b4 Ne6 12. Qc2 a5 13. Rb1 axb4 14. axb4 Qe7
15. b5 Ndc5 16. Bb2 Rfe8 17. Nh4 Bxg2 18. Nxg2 Nf8 19. e4 Nxe4 20. Rbe1 f5 21.
f3 Bc5+ 22. Kh1 Bf2 23. fxe4 Bxe1 24. Rxe1 fxe4 25. Qc3 Qf7 26. Nf4 Ne6 27. Rf1
Nxf4 28. Rxf4 Qd7 29. Nxe4 Rad8 30. Nf6+ gxf6 31. Qxf6 Re1+ 32. Kg2 Re2+ 33.
Kf3 Qd3+ 34. Kg4 Qg6+ 35. Qxg6+ hxg6 36. Bf6 Rd7 37. h4 Re3 38. Bd4 Rd3 39. Be5
Re7 40. Re4 Kh7 41. Kf4 Rf7+ 42. Kg4 Rdd7 43. Bf4 Rfe7 44. Kf3 Rxe4 45. Kxe4
Kg7 46. Ke5 Kf7 47. Bg5 Rd1 48. Bf4 Rd3 49. Ke4 Rd7 50. Ke5 Ke7 51. Bg5+ Kf7
52. Bf4 Rd3 53. Ke4 1/2-1/2

[Event "XXXIV Memorial Edoardo Crespi A"]
[Site "Milano ITA"]
[Date "2013.12.06"]
[Round "3"]
[White "Ciciotti, Augusto"]
[Black "Cerutti, Fabio Maria"]
[WhiteElo "1934"]
[BlackElo "1772"]
[Result "0-1"]
[PlyCount "68"]
[EventDate "2013.12.04"]

1. d4 Nf6 2. Nf3 g6 3. c4 c5 4. d5 b5 5. cxb5 a6 6. bxa6 Bg7 7. Nc3 Bxa6 8. g3
d6 9. Bg2 Nfd7 10. Qc2 Nb6 11. O-O O-O 12. Rd1 N8d7 13. Rb1 Nc4 14. h3 Qa5 15.
Bg5 Rfe8 16. Nh2 Nxb2 17. Rxb2 Qxc3 18. Qxc3 Bxc3 19. Rc2 Bb4 20. Ng4 Bb5 21.
Rb1 Ra5 22. Be3 Rea8 23. Ra1 Nb6 24. Bg5 f6 25. Bxf6 exf6 26. Nxf6+ Kg7 27. Ne4
Ba4 28. Rcc1 Bb3 29. Rab1 Bxa2 30. Rxb4 cxb4 31. Rc7+ Kf8 32. Nxd6 b3 33. Nb7
Ra4 34. Nc5 b2 0-1

[Event "XXXIV Memorial Edoardo Crespi A"]
[Site "Milano ITA"]
[Date "2013.12.06"]
[Round "3"]
[White "D'Agostino, Maurizio"]
[Black "Prevedello, Daniele"]
[WhiteElo "2024"]
[BlackElo "1769"]
[Result "1-0"]
[PlyCount "55"]
[EventDate "2013.12.04"]

1. d4 d5 2. Nf3 Nf6 3. e3 e6 4. Bd3 Bd6 5. O-O Nbd7 6. Nbd2 O-O 7. e4 dxe4 8.
Nxe4 Nxe4 9. Bxe4 Nf6 10. Bd3 b6 11. Bg5 Bb7 12. Ne5 Be7 13. c3 Nd7 14. Bf4 c5
15. Re1 cxd4 16. cxd4 Nf6 17. Bc4 Nd5 18. Bg3 a6 19. a3 Rc8 20. Qe2 b5 21. Bb3
Bg5 22. Rad1 Nf4 23. Bxf4 Bxf4 24. Qg4 Bh6 25. Nxf7 Rxf7 26. Qxe6 Qf8 27. Qd7
Rc7 28. Qxc7 1-0

[Event "XXXIV Memorial Edoardo Crespi A"]
[Site "Milano ITA"]
[Date "2013.12.06"]
[Round "3"]
[White "Darvishi, Mahmood"]
[Black "Di Lascio, Savino"]
[WhiteElo "2035"]
[BlackElo "1893"]
[Result "1-0"]
[PlyCount "138"]
[EventDate "2013.12.04"]

1. e4 c6 2. c4 d5 3. cxd5 cxd5 4. exd5 Nf6 5. Nf3 Nxd5 6. d4 g6 7. Nc3 Bg7 8.
Bc4 Nb6 9. Bb3 O-O 10. h3 Nc6 11. a3 Nxd4 12. Nxd4 Qxd4 13. Qe2 Bd7 14. O-O Qh4
15. Re1 Rac8 16. Ne4 Bc6 17. Ng5 Bd5 18. Bxd5 Nxd5 19. g3 Qa4 20. Rd1 Rc2 21.
Qf3 e6 22. Rb1 Qc6 23. Ne4 Qb6 24. Rd2 Rfc8 25. Rxc2 Rxc2 26. Qd3 Qc6 27. Nc3
Nxc3 28. Qd8+ Bf8 29. bxc3 Qd6 30. Qg5 Qd1+ 31. Kg2 Bc5 32. Qxc5 Rxc1 33. Rxc1
Qxc1 34. a4 b6 35. Qc7 a5 36. Qd8+ Kg7 37. Qd4+ Kg8 38. Qd8+ Kg7 39. Qd4+ Kf8
40. c4 Qc2 41. Qxb6 Qe4+ 42. Kh2 Qf3 43. Qd8+ Kg7 44. Qd4+ f6 45. Kg1 Qe2 46.
c5 e5 47. Qd7+ Kh6 48. Qg4 Qc2 49. Qc8 Qd1+ 50. Kh2 Qf3 51. Kg1 Qd1+ 52. Kh2
Qf3 53. Kg1 Qd1+ 54. Kg2 Qd5+ 55. Kf1 Qd1+ 56. Kg2 Qd5+ 57. Kh2 Qf3 58. Qf8+
Kh5 59. g4+ Kg5 60. Kg1 Qxh3 61. Qd6 Qxg4+ 62. Kf1 h5 63. Qd2+ Kh4 64. Qc3 Qd1+
65. Kg2 Kg5 66. c6 Qd5+ 67. Kh2 h4 68. c7 e4 69. Qe3+ Kh5 1-0

[Event "XXXIV Memorial Edoardo Crespi A"]
[Site "Milano ITA"]
[Date "2013.12.06"]
[Round "3"]
[White "Malescusi, Luciano"]
[Black "Villalba, Fernando"]
[WhiteElo "1884"]
[BlackElo "1835"]
[Result "0-1"]
[PlyCount "116"]
[EventDate "2013.12.04"]

1. d4 d5 2. Bf4 Nf6 3. e3 g6 4. Nf3 Bg7 5. Be2 c6 6. O-O O-O 7. h3 Qb6 8. Qc1
c5 9. c3 Nc6 10. Nbd2 Bf5 11. Ne5 cxd4 12. exd4 Rac8 13. Nxc6 bxc6 14. b4 a5
15. a3 Ra8 16. g4 Bc8 17. Be5 Ba6 18. bxa5 Qxa5 19. Nb3 Qd8 20. Bxa6 Rxa6 21.
Nc5 Ra8 22. a4 Nd7 23. Bxg7 Kxg7 24. Nxd7 Qxd7 25. a5 Ra6 26. Qa3 Rfa8 27. Qc5
Qc7 28. Rfe1 e6 29. Reb1 Rxa5 30. Rxa5 Rxa5 31. Qb6 Qxb6 32. Rxb6 c5 33. Rb3 c4
34. Rb1 Ra3 35. Rc1 h6 36. Kg2 Kf6 37. f4 g5 38. Kf3 Kg6 39. Ke3 f5 40. Rc2
fxg4 41. hxg4 Ra1 42. fxg5 Kxg5 43. Kf3 Rf1+ 44. Kg3 Rf4 45. Re2 Rxg4+ 46. Kf3
Rf4+ 47. Kg3 Re4 48. Rc2 h5 49. Kf3 Rf4+ 50. Kg3 h4+ 51. Kg2 Kg4 52. Re2 h3+
53. Kh2 Re4 54. Rf2 Re3 55. Rf6 Re2+ 56. Kh1 Kg3 57. Rg6+ Kf2 58. Rf6+ Ke1 0-1

[Event "XXXIV Memorial Edoardo Crespi A"]
[Site "Milano ITA"]
[Date "2013.12.06"]
[Round "3"]
[White "Marincolo, Piercarlo"]
[Black "Dogic, Mirhad"]
[WhiteElo "1905"]
[BlackElo "1801"]
[Result "1-0"]
[PlyCount "73"]
[EventDate "2013.12.04"]

1. e4 e6 2. d4 d5 3. Nc3 Ne7 4. Nf3 Ng6 5. h4 Nc6 6. h5 Nge7 7. e5 b6 8. a3 Bb7
9. Bd3 Nf5 10. Bxf5 exf5 11. Qd3 Qd7 12. Bf4 O-O-O 13. Kd2 Re8 14. Rhe1 h6 15.
b4 Be7 16. Nd1 Bg5 17. g3 Kb8 18. Rc1 Bxf4+ 19. gxf4 Nd8 20. Rg1 Rhg8 21. Ne3
Bc8 22. c4 dxc4 23. Qxc4 Bb7 24. d5 c6 25. d6 Qe6 26. Nh4 Qxc4 27. Rxc4 g6 28.
hxg6 fxg6 29. Rxg6 b5 30. Rd4 Rxg6 31. Nxg6 Ne6 32. d7 Rd8 33. Rd6 c5 34. Rxe6
Rxd7+ 35. Rd6 Rxd6+ 36. exd6 cxb4 37. axb4 1-0

[Event "XXXIV Memorial Edoardo Crespi A"]
[Site "Milano ITA"]
[Date "2013.12.06"]
[Round "3"]
[White "Miracola, Giorgia"]
[Black "Mouflih, Caesar Faycal"]
[WhiteElo "1866"]
[BlackElo "2026"]
[Result "0-1"]
[PlyCount "72"]
[EventDate "2013.12.04"]

1. e4 d6 2. d4 Nf6 3. Nc3 g6 4. f4 Bg7 5. Nf3 c6 6. a4 a5 7. Be2 Na6 8. O-O O-O
9. h3 Nb4 10. Be3 Qc7 11. Qd2 Bd7 12. e5 Nfd5 13. Nxd5 Nxd5 14. Bf2 Bh6 15. Bg3
Qb6 16. c3 f6 17. Kh1 fxe5 18. dxe5 Nxf4 19. exd6 exd6 20. Bf2 Qc7 21. Bc4+ d5
22. Bb3 Rae8 23. Rae1 Qc8 24. Rxe8 Rxe8 25. Be3 Rxe3 26. Qxe3 Bxh3 27. Nh4 Qg4
28. gxh3 Qxh4 29. Rf3 g5 30. Rg3 Kf7 31. Qf3 Kf6 32. Bc2 Bf8 33. Kh2 Bd6 34.
Rg4 Qe1 35. Rg1 Qd2+ 36. Rg2 Qxg2+ 0-1

[Event "XXXIV Memorial Edoardo Crespi A"]
[Site "Milano ITA"]
[Date "2013.12.06"]
[Round "3"]
[White "Monticone, Sonia"]
[Black "Delledonne, Francesco"]
[WhiteElo "1830"]
[BlackElo "1935"]
[Result "1-0"]
[PlyCount "107"]
[EventDate "2013.12.04"]

1. c4 Nf6 2. Nc3 g6 3. e4 d6 4. d4 Bg7 5. Be2 O-O 6. Bg5 h6 7. Be3 e5 8. d5 c6
9. Qd2 Kh7 10. f3 Qe7 11. h4 Nh5 12. g4 Ng3 13. Rh2 f5 14. h5 f4 15. hxg6+ Kxg6
16. Bf2 Nxe2 17. Ngxe2 Na6 18. O-O-O Rd8 19. Bh4 Bf6 20. Bxf6 Qxf6 21. Rdh1 Rh8
22. g5 Qf8 23. gxh6 Kh7 24. Qe1 Rg8 25. Qh4 Nc7 26. Ng1 cxd5 27. cxd5 b5 28.
Nh3 Bxh3 29. Qxh3 Qf7 30. Qf1 Rab8 31. Rh5 b4 32. Ne2 Nb5 33. Qh3 Rg6 34. Rf5
Qe7 35. Qh5 Rf8 36. Rxf8 Qxf8 37. Qh3 Qf7 38. Kb1 Rf6 39. Nc1 Nd4 40. Nd3 a5
41. Nf2 b3 42. a3 Qc7 43. Rc1 Nc2 44. Ng4 Rg6 45. Qh4 a4 46. Qf2 Qa5 47. Qe2
Qb6 48. Qc4 Rxg4 49. fxg4 Nxa3+ 50. bxa3 Qf2 51. Qc7+ Kxh6 52. Qxd6+ Kg5 53.
Qxe5+ Kxg4 54. Qb2 1-0